000 00627cam a2200229 a 4500
001 000010238
005 20200929162217.0
008 821208s1975 ve 000 0 spa
035 _a(DLC) 82240090
040 _aDO-SdBNP
_cDLC
_dDLC
_dBPHU
082 _aV861.44
_bR618m
100 1 _aRivas, Reyna.
_925245
245 1 0 _aMemorables /
_cReyna Rivas.
260 _aCaracas :
_bMonte Ávila,
_cc1975.
300 _a63 p. ;
_c20 cm.
490 1 _aAlcance
650 4 _aPoesía venezolana
_94230
650 4 _aLiteratura venezolana
_93816
830 0 _aAlcance
_924769
910 _aCatalogación por copia / LC
049 _aBNGR
999 _c9997
_d9997